US Landmarks Quiz - Statistics

General Stats
  • This quiz has been taken 21 times
  • The average score is 16 of 19
Answer Stats
Hint Landmark % Correct
2) Massive gorge in Arizona carved by the Colorado River Grand Canyon
100%
1) An iconic symbol of NYC, it wasgiven to the US as a gift in the 1880s Statue of Liberty
100%
7) Davy Crockett fought the Mexican armyat this compound in San Antonio Alamo
95%
12) Also in San Francisco, this former prisonsits on a rock in the middle of the bay Alcatraz
95%
8) This building in downtown New Yorkwas completed in 1931 Empire State Building
95%
11) Famous red suspension bridge connectingSan Francisco with Marin county Golden Gate
95%
9) Massive waterfall complex on theNY-Canada border Niagara Falls
95%
18) This massive park in Wyoming is home to agiant dormant supervolcano Yellowstone
95%
17) Massive, remote swampland covering a largeportion of south Florida Everglades
90%
6) Set in the hills of Los Angeles, this sculpture is a symbol of the entertainment industries' long history with the city Hollywood Sign
85%
20) Massive hydroelectric dam on the Arizona-Nevadaborder that provides power for much of the Southwest Hoover Dam
85%
19) Famous geyser located in the above thatattracts millions per year Old Faithful
85%
10) Iconic observation tower overlookingthe Seattle skyline Space Needle
85%
15) Giant white obelisk in DC dedicated to Americas first president Washington Monument
85%
13) Iconic curved structure and observationbuilding in St Louis Gateway Arch
75%
14) This shopping plaza in Bloomington, MN isthe largest in North America with a theme park and aquarium Mall of America
75%
5) Also called One World Trade Center,this skyscraper stands at 1776 feet Freedom Tower
70%
3) 4 presidents faces were carved into this cliff in South Dakota Mt Rushmore
70%
4) Giant bean shaped sculpture indowntown Chicago Cloud Gate
45%
No matching quizzes found
Score Distribution
Percent of People with Each Score
Percentile by Number Answered
Your Score History
You have not taken this quiz